000 00616nam a22002297a 4500
003 UA-OsUOA
001 40647
007 ta
008 20060819b un ||||| |||| 00| 0 ukr d
090 _a821.161.2
_bП36
942 _cBK
040 _aUA-OsUOA
_bukr
_cUA-OsUOA
_dUA-OsUOA
245 _aПісні Тернопільщини
_bпісенник
300 _a635 с.
955 _a3
041 _aukr
080 _a821.161.2
260 _aК.
_bМузична Україна
_c1993
246 3 1 _aвип. 2
_n
650 7 _a82 Література. Літературознавство
_2UDC
999 _c326785
_d326785